Score 0/24 Timer 04:00
6 Plays Today
3rd Letter Capital % Correct
SAmsterdam, Basseterre, Bishkek...
96.9%
NBandar Seri Begawan, Bangkok, Bangui...
96.7%
RBerlin, Bern, Caracas...
96.2%
IApia, Beijing, Beirut...
89.9%
LBelgrade, Belmopan, Dili...
87.5%
KAnkara, Baku, Dakar...
84.6%
XLuxembourg, Mexico City
84.1%
MAmman, Asmara, Bamako...
83.6%
DAddis Ababa, Andorra la Vella, Budapest...
82.8%
ABrasilia, Bratislava, Brazzaville...
82.7%
TAntananarivo, Gitega, Kathmandu...
80%
EBuenos Aires, Freetown...
77.6%
3rd Letter Capital % Correct
GAlgiers, Baghdad, Bogotá...
75.2%
OGeorgetown, Pyongyang, Sao Tome...
75.1%
BDublin, Gaborone, Juba...
68.5%
HAshgabat, Athens, Doha...
64.3%
UAbu Dhabi, Abuja, Asuncion...
61.7%
PCopenhagen, La Paz, Maputo
61.7%
WKuwait City, New Delhi
50.9%
CAccra, Bucharest, Nicosia...
48.1%
YNaypyidaw, Reykjavik, Riyadh
47.9%
VHavana, Suva
43.9%
FSofia
28%
JMajuro, N'Djamena
21.6%

You're not logged in!

Compare scores with friends on all Sporcle quizzes.
OR
Log In

Sporcle TV

Today on Sporcle TV


Watch our educational content, quiz creation guides, and fun videos on Sporcle TV.

Show Comments

Extras

Top Quizzes Today


Score Distribution

Paid Content

Your Account Isn't Verified!

In order to create a playlist on Sporcle, you need to verify the email address you used during registration. Go to your Sporcle Settings to finish the process.

Report this User

Report this user for behavior that violates our Community Guidelines.

Details: